[Event "34th European Club Cup 2018"]
[Site "Halkidiki"]
[Date "2018.10.16"]
[Round "5"]
[White "Schiendorfer, Emanuel"]
[Black "Papadimitriou, Athanasios"]
[Result "1/2-1/2"]
[WhiteElo "2310"]
[BlackElo "2265"]
[Annotator "NA RC"]
[PlyCount "132"]
[EventDate "2018.10.12"]
[EventType "team-tourn"]
[EventCountry "GRE"]
[SourceTitle "playchess.com"]
[Source "ChessBase"]
[SourceQuality "1"]
[WhiteTeam "Winterthur"]
[BlackTeam "Thessalonikis"]

1. d4 d5 2. c4 c6 3. Nc3 Nf6 4. Nf3 dxc4 5. a4 Bf5 6. e3 e6 7. Bxc4 Nbd7 8. O-O Bb4 9. Qe2 Bg4 10. h3 Bxf3 11. Qxf3 O-O 12. Rd1 Qa5 13. e4 e5 14. d5 Bxc3 15. bxc3 cxd5 16. Bxd5 Nxd5 17. Rxd5 Qc7 18. Ba3 Rfd8 19. Rad1 Nf6 20. Rc5 Rxd1+ 21. Qxd1 Qb8 22. f3 h5 23. Qc1 Qe8 24. Rb5 Rc8 25. Rxb7 Qxa4 26. Be7 Qc6 27. Qb2 Qxc3 28. Qxc3 Rxc3 29. Rxa7 Rc6 30. Kh2 h4 31. Ra5 Re6 32. Bd8 Kf8 33. Rb5 Ke8 34. Bxf6 Rxf6 35. Rxe5+ Kf8 36. Rh5 Rf4 37. Rh8+ Ke7 38. Kg1 Kf6 39. Kf2 Kg5 40. Rg8 g6 41. Ke3 Rf6 42. Rf8 Kh6 43. Rh8+ Kg5 44. Rh7 Rf4 45. Kd4 Rf6 46. Kd5 Rf4 47. Kd6 f5 48. e5 Rd4+ 49. Ke7 Ra4 50. f4+ Rxf4 51. Kf7 Rf2 52. e6 Rxg2 53. e7 Re2 54. e8=Q Rxe8 55. Kxe8 Kf4 56. Rxh4+ Kg3 57. Ra4 f4 58. Kf7 f3 59. Ra3 g5 60. Kf6 g4 61. hxg4 Kxg4 62. Ke5 f2 63. Ra1 Kf3 64. Kd4 Kg2 65. Ke3 f1=Q 66. Rxf1 Kxf1 1/2-1/2

[Event "34th European Club Cup 2018"]
[Site "Halkidiki"]
[Date "2018.10.16"]
[Round "5"]
[White "Popovic, Milan S"]
[Black "Miljkovic, Miroslav D"]
[Result "0-1"]
[WhiteElo "2309"]
[BlackElo "2484"]
[Annotator "TA"]
[PlyCount "68"]
[EventDate "2018.10.12"]
[EventType "team-tourn"]
[EventCountry "GRE"]
[SourceTitle "playchess.com"]
[Source "ChessBase"]
[SourceQuality "1"]
[WhiteTeam "Partizan"]
[BlackTeam "Sloven Ruma"]

1. d4 d5 2. Nf3 Nf6 3. Bf4 c5 4. e3 Nc6 5. Nbd2 g6 6. dxc5 Bg7 7. c3 Nh5 8. Bg5 h6 9. Bh4 g5 10. Nd4 e5 11. Nb5 O-O 12. Qxh5 gxh4 13. e4 d4 14. Bc4 dxc3 15. bxc3 Be6 16. Bd5 Bxd5 17. exd5 Qxd5 18. Nc7 Qxg2 19. O-O-O Qxf2 20. Nxa8 Qxc5 21. Kb2 Na5 22. Ne4 Nc4+ 23. Ka1 Qc6 24. Qe2 f5 25. Rhg1 fxe4 26. Qg4 Rf7 27. Rd8+ Kh7 28. Nc7 Ne3 29. Qe6 Qxc3+ 30. Kb1 Qb4+ 31. Qb3 Qxb3+ 32. axb3 Rxc7 33. Re1 Bf6 34. Rd2 Bg5 0-1

[Event "34th European Club Cup 2018"]
[Site "Halkidiki"]
[Date "2018.10.16"]
[Round "5"]
[White "Risting, Eivind Olav"]
[Black "Michalczak, Thomas"]
[Result "0-1"]
[WhiteElo "2299"]
[BlackElo "2160"]
[Annotator "TA"]
[PlyCount "84"]
[EventDate "2018.10.12"]
[EventType "team-tourn"]
[EventCountry "GRE"]
[SourceTitle "playchess.com"]
[Source "ChessBase"]
[SourceQuality "1"]
[WhiteTeam "SK Oslo"]
[BlackTeam "Solingen"]

1. e4 e5 2. Nf3 Nc6 3. Bb5 a6 4. Ba4 Nf6 5. O-O Be7 6. d3 b5 7. Bb3 O-O 8. Nc3 d6 9. a3 Bg4 10. Be3 Nd4 11. Bxd4 exd4 12. Nd5 Nxd5 13. Bxd5 Rb8 14. a4 b4 15. h3 Bd7 16. Nxd4 Bf6 17. c3 Bxd4 18. cxd4 Qf6 19. Rc1 Rfc8 20. Qb3 c6 21. e5 Qf4 22. g3 Qf5 23. Be4 Qxh3 24. exd6 Qh6 25. Rc5 Qxd6 26. Bxh7+ Kf8 27. Be4 Qxd4 28. Rfc1 Be6 29. Qc2 b3 30. Qe2 Qxa4 31. Qh5 Qd4 32. Re5 Qxb2 33. Rcc5 Qa1+ 34. Kg2 b2 35. Qh8+ Ke7 36. Qxg7 b1=Q 37. Rxe6+ Kxe6 38. Qh6+ Qf6 39. Bf5+ Ke7 40. Qe3+ Kf8 41. Be4 Rb5 42. Rc1 Qbb2 0-1

[Event "34th European Club Cup 2018"]
[Site "Halkidiki"]
[Date "2018.10.16"]
[Round "5"]
[White "Van Beek, Alexander"]
[Black "Andonovski, Ljubisa"]
[Result "1/2-1/2"]
[WhiteElo "2281"]
[BlackElo "2287"]
[Annotator "TA"]
[PlyCount "141"]
[EventDate "2018.10.12"]
[EventType "team-tourn"]
[EventCountry "GRE"]
[SourceTitle "playchess.com"]
[Source "ChessBase"]
[SourceQuality "1"]
[WhiteTeam "BSG"]
[BlackTeam "Asseco SEE"]

1. e4 c5 2. Nf3 e6 3. g3 d5 4. exd5 exd5 5. d4 Nf6 6. Bg2 Bg4 7. O-O cxd4 8. h3 Bxf3 9. Qxf3 Be7 10. c4 Nc6 11. cxd5 Nb4 12. d6 Qxd6 13. Qxb7 Rd8 14. Qxa7 O-O 15. Na3 Nd3 16. Rd1 Nxc1 17. Raxc1 Rd7 18. Qa5 Qb8 19. Qd2 Bxa3 20. bxa3 Qa7 21. Qd3 h5 22. Rc6 Rfd8 23. Rdc1 h4 24. g4 Qb8 25. g5 Nh5 26. g6 Nf4 27. Qc4 Qe5 28. gxf7+ Rxf7 29. Rc8 Rxc8 30. Qxc8+ Rf8 31. Qc4+ Kh8 32. Qc5 Qf6 33. Kh1 d3 34. Rd1 Rd8 35. Rd2 Qg6 36. Qc6 Qg5 37. Rd1 d2 38. Qf3 Qe5 39. Bf1 Rd6 40. Qa8+ Kh7 41. Qf3 Qd4 42. Qe3 Kh6 43. a4 g5 44. Kh2 Qd5 45. Qc3 Qd4 46. Qxd4 Rxd4 47. a5 Ra4 48. Rxd2 Rxa5 49. Bc4 Rc5 50. Rc2 Kg7 51. a4 Kf6 52. Bb3 Ra5 53. Rc6+ Ke5 54. Rb6 Kd4 55. Rb5 Rxb5 56. axb5 Kc5 57. Bc4 Kb6 58. f3 Kc5 59. Bf1 Nd5 60. Kg1 Kd4 61. Kf2 Kc3 62. b6 Nxb6 63. Ke3 Nd7 64. Ke4 Kd2 65. Bb5 Nf8 66. Kf5 Ke3 67. Bc6 Kf2 68. Kg4 Ne6 69. Bd5 Nf4 70. Be4 Kg2 71. Kxg5 1/2-1/2

[Event "34th European Club Cup 2018"]
[Site "Halkidiki"]
[Date "2018.10.16"]
[Round "5"]
[White "Gibicar, Danijel"]
[Black "Uruci, Endrit"]
[Result "1-0"]
[WhiteElo "2279"]
[BlackElo "2177"]
[Annotator "TA"]
[PlyCount "103"]
[EventDate "2018.10.12"]
[EventType "team-tourn"]
[EventCountry "GRE"]
[SourceTitle "playchess.com"]
[Source "ChessBase"]
[SourceQuality "1"]
[WhiteTeam "Echternach"]
[BlackTeam "Dardania"]

1. d4 Nf6 2. Nf3 e6 3. e3 b6 4. Bd3 Bb7 5. O-O c5 6. c4 Be7 7. Nc3 cxd4 8. exd4 O-O 9. d5 exd5 10. cxd5 d6 11. Re1 Nbd7 12. Bf4 a6 13. Rc1 b5 14. Nd4 Nxd5 15. Nxd5 Bxd5 16. Bxh7+ Kxh7 17. Qh5+ Kg8 18. Qxd5 Nb6 19. Qb7 Rb8 20. Qxe7 Qxe7 21. Rxe7 Nd5 22. Nc6 Nxe7 23. Nxb8 Rxb8 24. Bxd6 Rb7 25. Rc7 Rxc7 26. Bxc7 f6 27. Bf4 Nc6 28. Kf1 Kf7 29. Ke2 Ke6 30. Kd3 Kd5 31. a3 a5 32. Bd2 b4 33. f4 f5 34. h3 g6 35. axb4 axb4 36. g4 fxg4 37. hxg4 Kc5 38. Be3+ Kd5 39. Bd2 Kc5 40. Be3+ Kd5 41. Bb6 g5 42. Be3 gxf4 43. Bxf4 Nd4 44. g5 Ne6 45. Be3 Nf8 46. Bd4 Ne6 47. Be3 Nf8 48. Bd2 Kc5 49. b3 Ne6 50. Ke4 Nd8 51. g6 Ne6 52. Bh6 1-0

[Event "34th European Club Cup 2018"]
[Site "Halkidiki"]
[Date "2018.10.16"]
[Round "5"]
[White "Willow, Jonah B"]
[Black "Tardi, Oscar"]
[Result "1-0"]
[WhiteElo "2271"]
[BlackElo "1931"]
[Annotator "NA"]
[PlyCount "71"]
[EventDate "2018.10.12"]
[EventType "team-tourn"]
[EventCountry "GRE"]
[SourceTitle "playchess.com"]
[Source "ChessBase"]
[SourceQuality "1"]
[WhiteTeam "Wood Green"]
[BlackTeam "Bois-Colombes"]

1. e4 d6 2. d4 Nf6 3. Nc3 c6 4. f4 d5 5. e5 Ne4 6. Nxe4 dxe4 7. Be3 f5 8. Bc4 Na6 9. Qe2 Nc7 10. O-O-O b5 11. Bb3 Nd5 12. Nh3 g6 13. c4 bxc4 14. Ba4 Qb6 15. Qxc4 Nxe3 16. Qxc6+ Qxc6+ 17. Bxc6+ Kd8 18. Bxa8 Nxd1 19. Rxd1 h6 20. d5 Rg8 21. Kd2 g5 22. Ke3 Rg6 23. Rc1 Rb6 24. b3 Ra6 25. Rc2 Bg7 26. e6 g4 27. Ng1 Rb6 28. Ne2 Rb4 29. Rc4 Rb8 30. Bc6 Ba6 31. Ra4 Bxe2 32. Kxe2 h5 33. Rxa7 Bf6 34. d6 exd6 35. Rd7+ Kc8 36. e7 1-0

[Event "34th European Club Cup 2018"]
[Site "Halkidiki"]
[Date "2018.10.16"]
[Round "5"]
[White "Grandell, Anders"]
[Black "Duijn, Rob"]
[Result "1-0"]
[WhiteElo "2268"]
[BlackElo "2169"]
[Annotator "TA"]
[PlyCount "119"]
[EventDate "2018.10.12"]
[EventType "team-tourn"]
[EventCountry "GRE"]
[SourceTitle "playchess.com"]
[Source "ChessBase"]
[SourceQuality "1"]
[WhiteTeam "Team Viking"]
[BlackTeam "Deloitte"]

1. d4 d5 2. c4 c6 3. Nc3 Nf6 4. Nf3 a6 5. Qc2 g6 6. Bg5 Nbd7 7. e4 dxe4 8. Nxe4 Qa5+ 9. Bd2 Qc7 10. Ng3 Bg7 11. Bd3 c5 12. d5 Ne5 13. Nxe5 Qxe5+ 14. Ne2 Bf5 15. Bf4 Bxd3 16. Qxd3 Qe4 17. Qxe4 Nxe4 18. Be3 Rc8 19. Rc1 Nd6 20. b3 h5 21. O-O Kd7 22. a4 a5 23. Rcd1 b6 24. Rfe1 Rce8 25. Nc1 Nf5 26. Nd3 Rc8 27. Bf4 Rce8 28. Re4 Bf6 29. Rde1 Rhg8 30. h3 Bc3 31. Rc1 Bf6 32. g4 hxg4 33. hxg4 Nd6 34. Re2 Rh8 35. Kg2 Rh4 36. f3 Reh8 37. Bg3 R4h7 38. Ree1 g5 39. Rh1 Rxh1 40. Rxh1 Rxh1 41. Kxh1 Bd4 42. Bxd6 Kxd6 43. Kg2 Be3 44. Kf1 Bd4 45. Ke2 Bg1 46. f4 gxf4 47. Kf3 Bd4 48. Kxf4 Bc3 49. Nf2 Kd7 50. Ne4 Bd4 51. Ng5 f6 52. Ne6 Be5+ 53. Kf5 Bh2 54. Kg6 Ke8 55. Kg7 Be5 56. Kg8 Bg3 57. Ng7+ Kd7 58. Kf7 Bc7 59. Ne6 Bg3 60. Nf8+ 1-0

[Event "34th European Club Cup 2018"]
[Site "Halkidiki"]
[Date "2018.10.16"]
[Round "5"]
[White "Friedrich, Norbert"]
[Black "Goganov, Aleksey"]
[Result "0-1"]
[WhiteElo "2259"]
[BlackElo "2592"]
[Annotator "TA"]
[PlyCount "156"]
[EventDate "2018.10.12"]
[EventType "team-tourn"]
[EventCountry "GRE"]
[SourceTitle "playchess.com"]
[Source "ChessBase"]
[SourceQuality "1"]
[WhiteTeam "Zurich"]
[BlackTeam "St.Petersburg"]

1. e4 c5 2. Nf3 e6 3. c3 d5 4. exd5 Qxd5 5. d4 Nf6 6. Be2 cxd4 7. Qxd4 Nc6 8. Qxd5 Nxd5 9. O-O Be7 10. Rd1 O-O 11. c4 Nf6 12. Nc3 b6 13. Bf4 Bb7 14. h3 Rfd8 15. a3 Ne8 16. Rxd8 Rxd8 17. Rd1 Rxd1+ 18. Nxd1 Kf8 19. Bd2 Nd6 20. b4 Nf5 21. Ne3 Nfd4 22. Nxd4 Nxd4 23. Bd3 f5 24. Nc2 Nc6 25. Bc3 Kf7 26. Be2 Bf6 27. Bxf6 Kxf6 28. Bf3 e5 29. Bd5 Nd8 30. Ne3 f4 31. Bxb7 Nxb7 32. Nd5+ Ke6 33. Nc3 Nd6 34. c5 bxc5 35. bxc5 Nc4 36. Nb5 Kd7 37. c6+ Kxc6 38. Nxa7+ Kb6 39. Nc8+ Kc7 40. Ne7 Nxa3 41. g3 fxg3 42. fxg3 Kd7 43. Nf5 g6 44. Ne3 Ke6 45. Kf2 Nb5 46. Kf3 Nd4+ 47. Kf2 Nf5 48. Nc2 Kd5 49. Nb4+ Ke4 50. Nc6 Nd4 51. Nb4 Ne6 52. Nc6 Ng5 53. h4 Ne6 54. Nb4 Nd4 55. Na6 Ne6 56. Nb4 Nc7 57. Ke2 Nd5 58. Nc6 Kf5 59. Kf2 e4 60. Nd4+ Kg4 61. Ne2 Kh3 62. Ng1+ Kh2 63. Ne2 Nf6 64. Ke3 Kh3 65. Kf4 Nh5+ 66. Kg5 Nxg3 67. Nf4+ Kh2 68. Kh6 Nf5+ 69. Kxh7 Nxh4 70. Kh6 Kg3 71. Nd5 Kf3 72. Kg5 Ng2 73. Nc3 Nf4 74. Kf6 e3 75. Kg5 Nd5 76. Nb5 Kf2 77. Nd4 Ne7 78. Kf6 e2 0-1

[Event "34th European Club Cup 2018"]
[Site "Halkidiki"]
[Date "2018.10.16"]
[Round "5"]
[White "Omorjan, Dejan"]
[Black "Lazic, Miroljub"]
[Result "0-1"]
[WhiteElo "2249"]
[BlackElo "2466"]
[Annotator "TA"]
[PlyCount "76"]
[EventDate "2018.10.12"]
[EventType "team-tourn"]
[EventCountry "GRE"]
[SourceTitle "playchess.com"]
[Source "ChessBase"]
[SourceQuality "1"]
[WhiteTeam "Partizan"]
[BlackTeam "Sloven Ruma"]

1. d4 d6 2. Nf3 Bg4 3. h3 Bxf3 4. exf3 e6 5. c4 Nf6 6. Nc3 Be7 7. Be3 O-O 8. Bd3 d5 9. O-O dxc4 10. Bxc4 c6 11. f4 Nbd7 12. Qf3 Nb6 13. Bb3 Qd7 14. g4 Rad8 15. Rad1 Nfd5 16. Ne4 Qc7 17. Kh1 Nd7 18. f5 exf5 19. Qxf5 N7f6 20. Bc2 g6 21. Nxf6+ Bxf6 22. Qf3 Rfe8 23. Bb3 Re6 24. Rfe1 Qe7 25. a3 Bg5 26. Bxg5 Rxe1+ 27. Kg2 Qxg5 28. Rxe1 Nf4+ 29. Kh2 Rxd4 30. Re8+ Kg7 31. Qc3 c5 32. Rc8 Nd3 33. Kg1 Qf4 34. Qc2 b6 35. Re8 Ne5 36. Qe2 Re4 37. Qb5 Re1+ 38. Kg2 Qf3+ 0-1

[Event "34th European Club Cup 2018"]
[Site "Halkidiki"]
[Date "2018.10.16"]
[Round "5"]
[White "Zlatin, Alexander"]
[Black "Walton, Alan J"]
[Result "0-1"]
[WhiteElo "2249"]
[BlackElo "2152"]
[Annotator "TA"]
[PlyCount "80"]
[EventDate "2018.10.12"]
[EventType "team-tourn"]
[EventCountry "GRE"]
[SourceTitle "playchess.com"]
[Source "ChessBase"]
[SourceQuality "1"]
[WhiteTeam "Rehovot"]
[BlackTeam "Oldham"]

1. e4 e6 2. d4 d5 3. exd5 exd5 4. Nf3 Nc6 5. Bb5 Bd6 6. Nc3 Nge7 7. Bg5 h6 8. Bh4 Be6 9. Ne5 Bxe5 10. dxe5 O-O 11. Bxc6 bxc6 12. O-O Rb8 13. f4 Qd7 14. b3 f6 15. exf6 Ng6 16. Qh5 Nxh4 17. Qxh4 Rxf6 18. Qf2 a6 19. Qa7 Rbf8 20. Qxa6 Qd6 21. Qd3 Rxf4 22. Rxf4 Rxf4 23. Ne2 Qc5+ 24. Kh1 Bf5 25. Qg3 Rf2 26. b4 Qa7 27. Re1 Be4 28. Nf4 g5 29. Qg4 Rxf4 30. Qe6+ Kg7 31. Qe5+ Kf7 32. Rg1 Bxg2+ 33. Kxg2 Rg4+ 34. Kh3 Rxg1 35. Qf5+ Ke7 36. Qe5+ Kd8 37. b5 Qa3+ 38. c3 Qe7 39. Qh8+ Qe8 40. Qf6+ Kc8 0-1

[Event "34th European Club Cup 2018"]
[Site "Halkidiki"]
[Date "2018.10.16"]
[Round "5"]
[White "Fejzullahu, Afrim"]
[Black "Marinskii, Yurii"]
[Result "1/2-1/2"]
[WhiteElo "2247"]
[BlackElo "2166"]
[Annotator "TA"]
[PlyCount "97"]
[EventDate "2018.10.12"]
[EventType "team-tourn"]
[EventCountry "GRE"]
[SourceTitle "playchess.com"]
[Source "ChessBase"]
[SourceQuality "1"]
[WhiteTeam "Drejtesia"]
[BlackTeam "Overtime"]

1. e4 c5 2. Nf3 g6 3. c3 d5 4. exd5 Qxd5 5. d4 Bg7 6. Be3 cxd4 7. cxd4 Nf6 8. Nc3 Qa5 9. Bc4 O-O 10. Ne5 e6 11. O-O Nbd7 12. Nxd7 Bxd7 13. d5 exd5 14. Nxd5 Nxd5 15. Qxd5 Qc7 16. Rac1 Bc6 17. Qd2 Qe5 18. b3 Rad8 19. Qe2 Rfe8 20. Rfe1 Qe4 21. Qf1 Qf5 22. a4 Be5 23. Bb5 Bxb5 24. Qxb5 b6 25. g3 Bb8 26. Qxf5 gxf5 27. Bg5 Rc8 28. Bf6 Rxc1 29. Rxc1 Bd6 30. Rd1 Re6 31. Bc3 Be5 32. Bb4 a5 33. Rd8+ Kg7 34. Bd2 Rd6 35. Rxd6 Bxd6 36. Bc3+ Kf8 37. Bd4 Bc7 38. Kg2 Ke8 39. Kf3 Kd7 40. h4 h5 41. Be3 f6 42. Bd4 Ke6 43. Ke3 f4+ 44. gxf4 f5 45. Kd3 Kd5 46. f3 Bd8 47. Bf2 Bc7 48. Be3 Bd8 49. Bf2 1/2-1/2

[Event "34th European Club Cup 2018"]
[Site "Halkidiki"]
[Date "2018.10.16"]
[Round "5"]
[White "Boel, Marcel"]
[Black "Petersen, Steen"]
[Result "1-0"]
[WhiteElo "2241"]
[BlackElo "2131"]
[Annotator "TA"]
[PlyCount "75"]
[EventDate "2018.10.12"]
[EventType "team-tourn"]
[EventCountry "GRE"]
[SourceTitle "playchess.com"]
[Source "ChessBase"]
[SourceQuality "1"]
[WhiteTeam "Apeldoorn"]
[BlackTeam "Bronshoj"]

1. e4 e5 2. Nf3 Nc6 3. Bb5 a6 4. Ba4 Nf6 5. O-O Be7 6. Re1 b5 7. Bb3 d6 8. c3 O-O 9. h3 Bb7 10. d4 Re8 11. Nbd2 Bf8 12. a3 h6 13. Bc2 Nb8 14. b3 Nbd7 15. Bb2 c6 16. Nf1 Qc7 17. Ng3 Rad8 18. Qc1 g6 19. Bd3 c5 20. d5 c4 21. bxc4 bxc4 22. Bc2 Nb6 23. a4 a5 24. Rb1 Ba6 25. Ba3 Rb8 26. Qe3 Nfd7 27. Nh2 Kh7 28. Bc1 Nc5 29. Ng4 Qe7 30. Nxh6 Nbxa4 31. Ngf5 Rxb1 32. Bxb1 Qb7 33. Qg3 Be7 34. Nxf7 gxf5 35. exf5 Rg8 36. Qf3 Kg7 37. Qh5 Bf8 38. Qg6# 1-0

[Event "34th European Club Cup 2018"]
[Site "Halkidiki"]
[Date "2018.10.16"]
[Round "5"]
[White "Rosenkilde, Alexander"]
[Black "Gayson, Peter M"]
[Result "1-0"]
[WhiteElo "2239"]
[BlackElo "2150"]
[Annotator "TA"]
[PlyCount "137"]
[EventDate "2018.10.12"]
[EventType "team-tourn"]
[EventCountry "GRE"]
[SourceTitle "playchess.com"]
[Source "ChessBase"]
[SourceQuality "1"]
[WhiteTeam "Jetsmark"]
[BlackTeam "White Rose"]

1. d4 d5 2. c4 e6 3. Nf3 Nf6 4. g3 Be7 5. Bg2 O-O 6. O-O c5 7. cxd5 exd5 8. Nc3 Nc6 9. dxc5 Bxc5 10. Na4 Be7 11. Be3 Bg4 12. Rc1 Rc8 13. Nc5 b6 14. Nb3 Qd7 15. Re1 Rfd8 16. Nbd4 Nxd4 17. Bxd4 Rxc1 18. Qxc1 Rc8 19. Qe3 Qe6 20. Qxe6 Bxe6 21. e3 h6 22. Rd1 Ne4 23. Ne1 Bf6 24. Bxf6 Nxf6 25. Kf1 Kf8 26. Ke2 Ke7 27. f3 g5 28. h3 a5 29. Kd2 d4 30. b3 dxe3+ 31. Kxe3 Nd5+ 32. Kf2 f5 33. f4 Nc3 34. Rd2 gxf4 35. gxf4 Ne4+ 36. Bxe4 fxe4 37. Ke3 Bf5 38. h4 Ke6 39. Rc2 Rg8 40. Rc6+ Kd5 41. Rxb6 Rg3+ 42. Kf2 Rc3 43. Rb5+ Ke6 44. Rxa5 e3+ 45. Kf3 e2+ 46. Kxe2 Bg4+ 47. Kf2 Rh3 48. b4 h5 49. a4 Ra3 50. Re5+ Kd6 51. a5 Bd1 52. Re3 Ra2+ 53. Kg3 Bg4 54. Nf3 Ra1 55. Rd3+ Kc6 56. Nd4+ Kc7 57. f5 Rh1 58. Kf4 Rxh4 59. Kg5 Rh1 60. b5 Rg1 61. Ne6+ Kb7 62. Rd7+ Kc8 63. Rd8+ Kb7 64. Nc5+ Kc7 65. Rd7+ Kc8 66. b6 Bf3+ 67. Kf6 h4 68. Rc7+ Kb8 69. Na6+ 1-0

[Event "34th European Club Cup 2018"]
[Site "Halkidiki"]
[Date "2018.10.16"]
[Round "5"]
[White "Valner, Uku"]
[Black "Duncan, Chris R"]
[Result "1-0"]
[WhiteElo "2236"]
[BlackElo "2236"]
[Annotator "TA"]
[PlyCount "80"]
[EventDate "2018.10.12"]
[EventType "team-tourn"]
[EventCountry "GRE"]
[SourceTitle "playchess.com"]
[Source "ChessBase"]
[SourceQuality "1"]
[WhiteTeam "Reval"]
[BlackTeam "Blackthorne"]

1. e4 c5 2. Nc3 Nc6 3. g3 g6 4. Bg2 Bg7 5. d3 d6 6. Be3 e5 7. Qd2 Nge7 8. f4 O-O 9. Nf3 Nd4 10. O-O exf4 11. Bxf4 Nxf3+ 12. Rxf3 Qb6 13. Rb1 Be6 14. Bh6 Rae8 15. Bxg7 Kxg7 16. Rf4 f6 17. Kh1 Nc6 18. a3 Qd8 19. Rbf1 Rf7 20. Nd1 d5 21. exd5 Bxd5 22. Nc3 Bxg2+ 23. Qxg2 Nd4 24. g4 Re5 25. Re4 Qe7 26. Nd5 Qd6 27. Ne3 Rxe4 28. dxe4 Qe5 29. c3 Nc6 30. Nd5 Ne7 31. Nf4 b6 32. Qf3 Ng8 33. Nd5 Ne7 34. Ne3 Nc6 35. Nd5 Ne7 36. Rd1 Nxd5 37. exd5 Rd7 38. b3 b5 39. c4 a6 40. h3 bxc4 1-0

[Event "34th European Club Cup 2018"]
[Site "Halkidiki"]
[Date "2018.10.16"]
[Round "5"]
[White "Nordquelle, Daniel"]
[Black "Salama, Omar"]
[Result "1-0"]
[WhiteElo "2235"]
[BlackElo "2254"]
[Annotator "TA"]
[PlyCount "91"]
[EventDate "2018.10.12"]
[EventType "team-tourn"]
[EventCountry "GRE"]
[SourceTitle "playchess.com"]
[Source "ChessBase"]
[SourceQuality "1"]
[WhiteTeam "Nordstrand"]
[BlackTeam "Reykjavik"]

1. e4 c5 2. Nc3 e6 3. f4 d6 4. Nf3 Nf6 5. g3 Be7 6. Bg2 Nc6 7. d3 O-O 8. O-O Rb8 9. h3 b5 10. g4 b4 11. Ne2 c4 12. Be3 cxd3 13. cxd3 Ba6 14. Qd2 Qa5 15. b3 Qb5 16. Ne1 d5 17. e5 Nd7 18. Rf2 d4 19. Nxd4 Nxd4 20. Bxd4 Nc5 21. Bb2 Rfd8 22. d4 Bb7 23. Qe2 Bxg2 24. Rxg2 Nd7 25. Qxb5 Rxb5 26. Nc2 Nb6 27. Ne3 Ra5 28. Rc2 Rd7 29. Kf2 h6 30. Kf3 Nd5 31. Nxd5 Rdxd5 32. Ke4 Ra6 33. Bc1 f6 34. Bd2 g5 35. Rc7 Kf8 36. Rb7 fxe5 37. fxe5 Rc6 38. Bxb4 Bxb4 39. Rf1+ Ke8 40. Rxb4 Rc2 41. Rf6 Re2+ 42. Kf3 Rd2 43. Ke3 Rd1 44. Rxe6+ Kd7 45. Rxh6 Re1+ 46. Kf3 1-0

[Event "34th European Club Cup 2018"]
[Site "Halkidiki"]
[Date "2018.10.16"]
[Round "5"]
[White "Umudova, Nargiz"]
[Black "Antipov, Mikhail Al."]
[Result "0-1"]
[WhiteElo "2233"]
[BlackElo "2593"]
[Annotator "TA"]
[PlyCount "92"]
[EventDate "2018.10.12"]
[EventType "team-tourn"]
[EventCountry "GRE"]
[SourceTitle "playchess.com"]
[Source "ChessBase"]
[SourceQuality "1"]
[WhiteTeam "Echiquier Amaytois"]
[BlackTeam "Molodezhka"]

1. e4 c5 2. Nf3 Nc6 3. Bb5 d6 4. O-O Bd7 5. Re1 Nf6 6. c3 a6 7. Bf1 Bg4 8. d3 e6 9. Bf4 d5 10. Nbd2 Be7 11. Be2 O-O 12. h3 Bh5 13. Ne5 Nxe5 14. Bxe5 Bg6 15. Bf3 Qd7 16. Nf1 Rfd8 17. Bxf6 Bxf6 18. exd5 exd5 19. Ne3 d4 20. Nd5 dxc3 21. bxc3 Rab8 22. a4 b6 23. Be4 Qd6 24. Qf3 b5 25. axb5 axb5 26. Ra7 b4 27. cxb4 cxb4 28. Bxg6 hxg6 29. Nxf6+ gxf6 30. Ree7 Re8 31. Qg3 Qd5 32. Rad7 Qa2 33. Ra7 Qb3 34. d4 Qxg3 35. fxg3 Rxe7 36. Rxe7 b3 37. Re1 f5 38. Kf2 Kf8 39. g4 fxg4 40. hxg4 g5 41. Kf3 b2 42. Rb1 Ke7 43. Ke4 Kd6 44. Kf5 Kd5 45. Kxg5 Rb6 46. Kf5 Kxd4 0-1

[Event "34th European Club Cup 2018"]
[Site "Halkidiki"]
[Date "2018.10.16"]
[Round "5"]
[White "Skousen, Nikolai"]
[Black "Lammens, Tim"]
[Result "1/2-1/2"]
[WhiteElo "2226"]
[BlackElo "2281"]
[Annotator "TA"]
[PlyCount "62"]
[EventDate "2018.10.12"]
[EventType "team-tourn"]
[EventCountry "GRE"]
[SourceTitle "playchess.com"]
[Source "ChessBase"]
[SourceQuality "1"]
[WhiteTeam "Bronshoj"]
[BlackTeam "Apeldoorn"]

1. Nf3 g6 2. d4 Bg7 3. e4 d6 4. Nc3 a6 5. a4 b6 6. Bc4 e6 7. O-O Bb7 8. Re1 Ne7 9. Bf4 Nd7 10. Qd2 h6 11. h4 Nf6 12. Rad1 Nxe4 13. Nxe4 Bxe4 14. Rxe4 d5 15. Bxd5 Nxd5 16. Be5 O-O 17. Ree1 a5 18. c4 Nb4 19. Qf4 Rc8 20. Bxg7 Kxg7 21. Ne5 c6 22. Ng4 h5 23. Qh6+ Kg8 24. Rxe6 hxg4 25. Rxg6+ fxg6 26. Qxg6+ Kh8 27. Qh6+ Kg8 28. Qg6+ Kh8 29. Qh6+ Kg8 30. Qg6+ Kh8 31. Qh6+ Kg8 1/2-1/2

[Event "34th European Club Cup 2018"]
[Site "Halkidiki"]
[Date "2018.10.16"]
[Round "5"]
[White "Jaksland, Tim"]
[Black "Rendle, Thomas E"]
[Result "1-0"]
[WhiteElo "2214"]
[BlackElo "2366"]
[Annotator "TA"]
[PlyCount "75"]
[EventDate "2018.10.12"]
[EventType "team-tourn"]
[EventCountry "GRE"]
[SourceTitle "playchess.com"]
[Source "ChessBase"]
[SourceQuality "1"]
[WhiteTeam "Hillerod"]
[BlackTeam "Grantham"]

1. Nf3 Nf6 2. c4 e6 3. g3 d5 4. b3 Be7 5. Bg2 O-O 6. O-O b6 7. Bb2 c5 8. e3 Bb7 9. Nc3 Qc8 10. Ne5 Nc6 11. f4 d4 12. Nxc6 Bxc6 13. exd4 cxd4 14. Nb1 Bxg2 15. Kxg2 Rd8 16. Qf3 Rb8 17. Na3 Qb7 18. Nc2 d3 19. Qxb7 Rxb7 20. Nd4 Ne4 21. Rfe1 f5 22. Nxe6 Rc8 23. Nxg7 Nd6 24. Be5 Rf8 25. Ne6 Rc8 26. Nd4 b5 27. Bxd6 Bxd6 28. Nxb5 Bc5 29. Rad1 Kf7 30. Re5 Kf6 31. Rde1 Rc6 32. Rd5 Rbb6 33. Ree5 Bb4 34. Rxd3 a6 35. Nc3 Bxc3 36. dxc3 Rd6 37. Rxd6+ Rxd6 38. Rd5 1-0

[Event "34th European Club Cup 2018"]
[Site "Halkidiki"]
[Date "2018.10.16"]
[Round "5"]
[White "Bremner, Adam"]
[Black "Ostergaard, Jens"]
[Result "1-0"]
[WhiteElo "2212"]
[BlackElo "2225"]
[Annotator "TA"]
[PlyCount "57"]
[EventDate "2018.10.12"]
[EventType "team-tourn"]
[EventCountry "GRE"]
[SourceTitle "playchess.com"]
[Source "ChessBase"]
[SourceQuality "1"]
[WhiteTeam "Grantham"]
[BlackTeam "Hillerod"]

1. d4 Nf6 2. c4 e6 3. Nf3 b6 4. g3 Bb7 5. Bg2 Be7 6. O-O O-O 7. Re1 d5 8. cxd5 exd5 9. Nc3 Na6 10. Bf4 c6 11. Rc1 Nc7 12. a3 Ne6 13. b4 a5 14. Qb3 axb4 15. axb4 Nxf4 16. gxf4 Qd6 17. b5 c5 18. e3 Rac8 19. Red1 Ba8 20. Ra1 Rfd8 21. Ra6 Ne4 22. Na4 Rb8 23. Ne5 c4 24. Qc2 Rdc8 25. Ra1 f6 26. Bxe4 dxe4 27. Nxb6 Rxb6 28. Rxa8 Qe6 29. f5 1-0